| 000 | 00480nam a2200181Ia 4500 | ||
|---|---|---|---|
| 001 | 16321 | ||
| 005 | 20260306170301.0 | ||
| 008 | 260306t2015||||xx |||||||||||||| ||und|| | ||
| 041 | _aESP | ||
| 082 |
_a348.21 _bI49 |
||
| 100 |
_aINDECOPI _eAUT |
||
| 245 | 0 | _aDiscriminación en el consumo y trato diferenciado ilícito en la jurisprudencia del INDECOPI | |
| 260 | _c2015 | ||
| 300 |
_a199 páginas : _c24 cm. |
||
| 650 | _aGEN | ||
| 654 | _aCDE | ||
| 942 |
_cLIB _dJUS _fJUS _2ddc _n |
||
| 999 |
_c16321 _d16321 |
||